<?xml version="1.0" encoding="UTF-8"?>
<collection xmlns="http://www.loc.gov/MARC21/slim">
<record>
  <controlfield tag="001">135001</controlfield>
  <controlfield tag="005">20240509150149.0</controlfield>
  <datafield tag="024" ind1="8" ind2=" ">
    <subfield code="2">sideral</subfield>
    <subfield code="a">138473</subfield>
  </datafield>
  <datafield tag="037" ind1=" " ind2=" ">
    <subfield code="a">ART-2024-138473</subfield>
  </datafield>
  <datafield tag="041" ind1=" " ind2=" ">
    <subfield code="a">spa</subfield>
  </datafield>
  <datafield tag="100" ind1=" " ind2=" ">
    <subfield code="a">Biedermann  , Anna Maria</subfield>
    <subfield code="u">Universidad de Zaragoza</subfield>
    <subfield code="0">(orcid)0000-0001-8313-1628</subfield>
  </datafield>
  <datafield tag="245" ind1=" " ind2=" ">
    <subfield code="a">Tecnología y digitalización en la museografía, conservación y gestión de exposiciones itinerantes</subfield>
  </datafield>
  <datafield tag="260" ind1=" " ind2=" ">
    <subfield code="c">2024</subfield>
  </datafield>
  <datafield tag="520" ind1="3" ind2=" ">
    <subfield code="a">l presente trabajo aborda los procesos relacionados con la digitalización desde una perspectiva múltiple. Empezando por la experiencia del visitante y la atracción que producen los elementos expográficos interactivos e inmersivos basados en el contenido digitalizado, a través de la práctica de diseño museográfico y los recursos digitales aplicados en el proceso creativo. Aborda asimismo el desarrollo de un software digital como herramienta para el registro, la conservación y la gestión de las colecciones desde el punto de vista de un servicio cultural externo a la institución museística, subrayando la importancia de la gestión, recuperación y visualización de datos documentales por parte de todos los agentes implicados en el diseño, conservación y operaciones de un proyecto expositivo. El análisis está centrado en la tipología de las exposiciones itinerantes desde las reflexiones teóricas hasta su implicación práctica. Finalmente se introduce el concepto de sostenibilidad que será crucial en la toma de decisiones sobre qué y cómo digitalizar.</subfield>
  </datafield>
  <datafield tag="540" ind1=" " ind2=" ">
    <subfield code="9">info:eu-repo/semantics/closedAccess</subfield>
    <subfield code="a">All rights reserved</subfield>
    <subfield code="u">http://www.europeana.eu/rights/rr-f/</subfield>
  </datafield>
  <datafield tag="655" ind1=" " ind2="4">
    <subfield code="a">info:eu-repo/semantics/article</subfield>
    <subfield code="v">info:eu-repo/semantics/acceptedVersion</subfield>
  </datafield>
  <datafield tag="700" ind1=" " ind2=" ">
    <subfield code="a">Ana Galán Pérez</subfield>
  </datafield>
  <datafield tag="700" ind1=" " ind2=" ">
    <subfield code="a">Francisco Javier Galán Pérez</subfield>
    <subfield code="u">Universidad de Zaragoza</subfield>
    <subfield code="0">(orcid)0000-0002-5396-2225</subfield>
  </datafield>
  <datafield tag="710" ind1="2" ind2=" ">
    <subfield code="1">5002</subfield>
    <subfield code="2">305</subfield>
    <subfield code="a">Universidad de Zaragoza</subfield>
    <subfield code="b">Dpto. Ingeniería Diseño Fabri.</subfield>
    <subfield code="c">Área Expresión Gráfica en Ing.</subfield>
  </datafield>
  <datafield tag="710" ind1="2" ind2=" ">
    <subfield code="1">5014</subfield>
    <subfield code="2">185</subfield>
    <subfield code="a">Universidad de Zaragoza</subfield>
    <subfield code="b">Unidad Predepartam. Bellas Ar.</subfield>
    <subfield code="c">Área Dibujo</subfield>
  </datafield>
  <datafield tag="773" ind1=" " ind2=" ">
    <subfield code="g">89, 89 (2024), 125-133</subfield>
    <subfield code="p">Rev. museol. (Madr.)</subfield>
    <subfield code="t">Revista de museología (Madrid)</subfield>
    <subfield code="x">1134-0576</subfield>
  </datafield>
  <datafield tag="856" ind1="4" ind2="1">
    <subfield code="u">https://dialnet.unirioja.es/servlet/articulo?codigo=9478110</subfield>
    <subfield code="z">Texto completo de la revista</subfield>
  </datafield>
  <datafield tag="856" ind1="4" ind2=" ">
    <subfield code="s">295316</subfield>
    <subfield code="u">http://zaguan.unizar.es/record/135001/files/texto_completo.pdf</subfield>
    <subfield code="y">Postprint</subfield>
  </datafield>
  <datafield tag="856" ind1="4" ind2=" ">
    <subfield code="s">1579875</subfield>
    <subfield code="u">http://zaguan.unizar.es/record/135001/files/texto_completo.jpg?subformat=icon</subfield>
    <subfield code="x">icon</subfield>
    <subfield code="y">Postprint</subfield>
  </datafield>
  <datafield tag="909" ind1="C" ind2="O">
    <subfield code="o">oai:zaguan.unizar.es:135001</subfield>
    <subfield code="p">articulos</subfield>
    <subfield code="p">driver</subfield>
  </datafield>
  <datafield tag="951" ind1=" " ind2=" ">
    <subfield code="a">2024-05-09-13:07:16</subfield>
  </datafield>
  <datafield tag="980" ind1=" " ind2=" ">
    <subfield code="a">ARTICLE</subfield>
  </datafield>
</record>
</collection>